Indie a Pákistán
| Main Author: | |
|---|---|
| Format: | Book |
| Language: | Undetermined Czech Russian |
| PhysicalDescription: | 63 s. mp. 21 cm |
| Published: |
Praha
Orbis
1951
|
| Edition: | 1. vyd. |
| Subjects: |
MARC
| LEADER | 00000cam a2200000 a 4500 | ||
|---|---|---|---|
| 001 | vtls001409024 | ||
| 003 | SK-MaSNL | ||
| 005 | 20260301162057.0 | ||
| 008 | 240314s1951 xr 00000 und | ||
| 035 | |a SNK000363704 | ||
| 040 | |a SNK |b slo |c SNK |e AACR2 | ||
| 041 | 1 | |a cze |h rus | |
| 043 | |a a-pk--- |a a-ii--- | ||
| 044 | |a xr |c CZ | ||
| 080 | |a 323.172 |2 2001 | ||
| 080 | |a (549.1)22001 |2 1981 | ||
| 080 | |a (540) |2 2001 | ||
| 080 | |a (048.8) |2 2001 | ||
| 100 | 1 | |a Djakov M. A. |4 aut |9 526033 | |
| 240 | 1 | 0 | |a India i Pakistan |l Česky |
| 245 | 1 | 0 | |a Indie a Pákistán |c A. M. Djakov ; [z ruštiny ... přeložila Olga Sádková] |
| 250 | |a 1. vyd. | ||
| 260 | |a Praha |b Orbis |c 1951 | ||
| 300 | |a 63 s. |b mp. |c 21 cm | ||
| 366 | |e 15 500 výt. | ||
| 500 | |a Brožovaná | ||
| 648 | 7 | |a 20. stor. |2 SNKPH |9 275975 | |
| 650 | 0 | 7 | |a hnutie za nezávislosť |2 SNKPH |9 4733 |
| 651 | 7 | |a India |2 SNKPH |9 13358 | |
| 651 | 7 | |a Pakistan |2 SNKPH |9 40004 | |
| 655 | 7 | |a monografie |2 SNKPH |9 70139 | |
| 852 | |a Štátna vedecká knižnica v Banskej Bystrici | ||
| 999 | |c 811913 |d 813843 | ||
| 952 | |a SNK |b SNK |y VYP |7 0 |o snkID 8147 |0 0 |1 0 |4 0 |d 2001-03-07 |l 0 |r 2005-01-02 00:00:00 |w 2026-02-24 | ||


